• 首页
  • 本馆介绍
  • 公告通知
  • 最新文献
  • 馆藏检索
  • 电子资源
  • 读者导购
  • 参考咨询
  • 我的图书馆
  • 登录
  • 详细信息显示
  • 放入我的书架
  • 预约/预借图书
  • 作者相关作品
  • 分类相关作品
  • 丛书相关作品
  • 出版社相关作品

书目信息

  • 表格格式
  • 工作单格式
  • 卡片格式
题名:
速度滑冰竞赛规则
    
 
作者: ;国家体育运动委员会 审定
分册: 1974  
出版信息: 北京   人民体育出版社  1954
页数: 57页
开本: 14cm
丛书名:
单 册:
中图分类: G862.14
科图分类:
主题词: 速度规则-竞赛规则 , 竞赛规则-速度规则
电子资源:
ISBN:
000 00687nam0 2200241 45
001 0176002490
005 20060815083640.09
010    @dCNY0.10
100    @a19950929d1954 em y0chiy0121 ea
101 0  @achi
102    @aCN@b110000
105    @ay z 000yy
200 10 @a速度滑冰竞赛规则@Asu du hua bing jing sai gui ze@h1974@f国家体育运动委员会审定
205    @a4版
210    @a北京@c人民体育出版社@d1954
215    @a57页@d14cm
606    @a速度规则-竞赛规则
606    @a竞赛规则-速度规则
690    @aG862.14@v3
711 02 @a国家体育运动委员会@Aguo jia ti yu yun dong wei yuan hui@4审定
801  2 @aCN@bNLC@c20060815
801  0 @aCN@bTSSF
905    @a10447@dG862.14@e23=4
    
    速度滑冰竞赛规则.1974/国家体育运动委员会审定.-4版.-北京:人民体育出版社,1954
    57页;14cm
    
    
    ISBN :CNY0.10
    
●
相关链接 在E读中查询图书 在五车中查询图书 在当当中查询图书 在豆瓣中查询图书


正题名:速度滑冰竞赛规则     索取号:G862.14/23=4         预约/预借

序号 登录号 条形码 馆藏地/架位号 状态 备注
1 0460061   204600618   密集书库/ [索取号:G862.14/23=4] 在馆    
2 0460062   204600627   密集书库/ [索取号:G862.14/23=4] 在馆    
唐山师范学院图书馆 欢迎您!
大连网信软件有限公司© 版权所有